000 00724nam a2200265Ia 4500
003 OSt
005 20221006143521.0
006 a|||||r|||| 00| 0
007 ta
008 221006b |||||||| |||| 00| 0 eng d
020 _c
_7.50
024 _a9,203
037 _cTextual
040 _aEASL
_cEASL
_beng
041 _2eng
_aeng
082 _aX.41.N33, L5
100 _aBEALE Louis
_9649961
245 0 _aTrade and economic conditions in China 1931-33
260 _aSan
_bFrancisco Chinese Materhials Center
_c1975
300 _a174p.
_ccm.
490 _v CEL
700 _a PELHAM Clinton
_9649962
942 _hX.41.N33, L5
_cTEXL
_2CC
999 _c1077289
_d1077289